00478 2200181 4500001002100000008004100021035002000062245005700082100002200139250000600161260004700167300001200214020002200226084001400248082000800262650001400270990001200284INLIS000000000001253 ind  a0010-0524000488 aGizi Seimbang Dalam Daur KehidupancSunita Almatsier aAlmatsier, Sunita a1 aJakarta :bPT.Gramedia Pustaka Utamac2017 a463 hlm a978-979-227-581-0 a600 SUN g a600 aNon Fiksi a0747653